000 00526nam a2200217Ia 4500
003 OSt
005 20230710114138.0
008 210719s2016 xx 000 0 und d
020 _a978-93-5062-058-8
040 _cAL
041 _aeng
082 _a658 RAOM
100 _aRAO (V S P)
_9126188
245 _aManagement: text and cases
250 _a2
260 _aNew Delhi
_bExcel Books
_c2016
300 _axviii,804
_bPB
365 _b1095
_cRs
906 _a2 ; cases ; Ed ; Management: ; text
942 _2ddc
_cBK
999 _c212076
_d212076